Precesno-nutačný pohyb Medziľahlého nebeského pólu

Saved in:
Bibliographic Details
Main Author: Tátos, Lukáš (Author)
Other Authors: Letko, Pavol (Thesis advisor)
Format: Manuscript Book
Language:Slovak
Published: 2024
Subjects:
Online Access:http://is.stuba.sk/zp/portal_zp.pl?podrobnosti=168494
https://opac.crzp.sk/?fn=detailBiblioForm&sid=F0082B7A009D1614BCC114B883AC
Tags: Add Tag
No Tags, Be the first to tag this record!

MARC

LEADER 00000ntm a22000003a 4500
001 stuzp99179
003 SK-STU
005 20240930100616.3
007 ta
008 150427s2015----xo-----f-mn---000-0-slo-d
040 |a STU  |b slo 
041 0 |a slo 
100 1 |a Tátos, Lukáš  |u 010130  |4 aut  |U SvF Stavebná fakulta  |T SvF Katedra globálnej geodézie a geoinformatiky  |X 115809  |U V130  |Y 13  |7 115809 
242 0 1 |a Precession-nutation of Celestial Intermediate Pole  |y eng 
245 1 0 |a Precesno-nutačný pohyb Medziľahlého nebeského pólu 
260 |c 2024 
650 4 |a precesia  |2 slo 
650 4 |a IAU 2000  |2 slo 
650 4 |a nutácia  |2 slo 
650 4 |a rotácia Zeme  |2 slo 
650 4 |a nutation  |2 eng 
650 4 |a precession  |2 eng 
650 4 |a IAU 2000  |2 eng 
650 4 |a rotation of the Earth  |2 eng 
700 1 |a Letko, Pavol  |u 010130  |k Z1  |4 ths  |U SvF Stavebná fakulta  |T SvF Katedra globálnej geodézie a geoinformatiky  |X 67382  |U V130  |Y 13  |7 A000067382 
856 4 |u http://is.stuba.sk/zp/portal_zp.pl?podrobnosti=168494 
856 4 |u https://opac.crzp.sk/?fn=detailBiblioForm&sid=F0082B7A009D1614BCC114B883AC